Statistics for Countries Closest to Brazil by first two letters

Click here to take the quiz!

General Stats

  • This quiz has been taken 289 times
  • The average score is 15 of 20

Answer Stats

kmcountrymiles% Correct
1067Panama663
97%
0Paraguay0
97%
0Uruguay0
96%
0Argentina0
94%
0Colombia0
93%
0Peru0
91%
0Venezuela0
91%
713Chile443
88%
0Bolivia0
86%
0Guyana0
86%
0Suriname0
86%
489Ecuador304
79%
542Trinidad and Tobago337
65%
1340St Kitts and Nevis833
57%
948St Lucia589
57%
826St Vincent
and the Grenadines
513
57%
868Barbados540
45%
762Grenada474
45%
1318Antigua and Barbuda819
38%
1117Dominica694
38%

Score Distribution

Percentile by Number Answered

Percent of People with Each Score

Your Score History

You have not taken this quiz